N S bindra's interpretation of statutes / (Record no. 140223)

MARC details
000 -LEADER
fixed length control field 00778nam a22001937a 4500
005 - DATE AND TIME OF LATEST TRANSACTION
control field 20170522142352.0
010 ## - LCCN (DPL NO)
LC control number ENG-118311
020 ## - INTERNATIONAL STANDARD BOOK NUMBER
International Standard Book Number 9789350358610
Terms of availability 1695.00
035 ## - SYSTEM CONTROL NUMBER
System control number EN-101843
037 ## - SOURCE OF ACQUISITION
Source of stock number/acquisition DBAD/PUB
082 ## - DEWEY DECIMAL CLASSIFICATION NUMBER
Classification number 349.54
100 ## - MAIN ENTRY--PERSONAL NAME
Personal name Dhanda, Amita
245 ## - TITLE STATEMENT
Title N S bindra's interpretation of statutes /
Statement of responsibility, etc by Amita Dhanda
250 ## - EDITION STATEMENT
Edition statement Twelfth Edition
260 ## - PUBLICATION, DISTRIBUTION, ETC. (IMPRINT)
Place of publication, distribution, etc Haryana
Name of publisher, distributor, etc LexisNexis
Date of publication, distribution, etc 2017
270 ## - ADDRESS
Address 14th Floor, Building No 10, Tower-B, DLF Cyber City, Phase-II, Gurgaon-122002, Haryana, India
300 ## - PHYSICAL DESCRIPTION
Extent 1015p
Dimensions 24cm.(Hb)
942 ## - ADDED ENTRY ELEMENTS (KOHA)
Source of classification or shelving scheme Dewey Decimal Classification
Item type English Books
Classification part 349.54
Call number suffix DHA
Holdings
Withdrawn status Lost status Not for loan Collection code Home library Current library Date acquired Source of acquisition Cost, normal purchase price Full call number Barcode Copy number Cost, replacement price Koha item type
    Not For Loan Non-fiction D.B.Act.Division D.B.Act.Division 22/05/2017 DBAD/PUB. 1695.00 349.54 DHA EN-101843 1 1695.00 English Books

© Delhi Public Library
Hit Counter
free hit counter